Clubes de futbol de Ecuador - Estadísticas

Estadísticas generales
  • Esta prueba ha sido intentada 257 veces
  • La puntuación promedio es 8 de 12
Estadísticas de respuestas
Hint Respuesta % Correcto
1 Barcelona
95%
3 Liga de Quito
91%
4 Emelec
88%
7 Independiente del Valle
76%
2 El Nacional
70%
12 Aucas
69%
10 Delfin
67%
5 Deportivo Cuenca
58%
6 Universidad Catolica
54%
11 Mushuc Runa
44%
9 Fuerza Amarilla
25%
8 River Ecuador
24%
No se encontraron pruebas coincidentes
Distribución de puntuación
Porcentaje de gente con cada puntuación
Porcentaje por número respondido
Historial de tus puntuaciones
No has intentado esta prueba.